Observaciones político-económicas sobre la Junta o Consejo de Sres. Ministros con algunas máximas políticas... / (Record no. 161019)
[ view plain ]
| 000 -LEADER | |
|---|---|
| campo de control de longitud fija | 00839nam a2200181 i 4500 |
| 001 - NÚMERO DE CONTROL | |
| campo de control | 161019 |
| 003 - IDENTIFICADOR DE NÚMERO DE CONTROL | |
| campo de control | ES-MaACL |
| 005 - FECHA Y HORA DE LA ÚLTIMA TRANSACCIÓN | |
| campo de control | 20251011063145.0 |
| 008 - DATOS DE LONGITUD FIJA--INFORMACIÓN GENERAL | |
| campo de control de longitud fija | 041013s1853 sp |||| | spa d |
| 080 ## - NÚMERO DE LA CLASIFICACIÓN DECIMAL UNIVERSAL | |
| Número de la Clasificación Decimal Universal | 32(460)"1843/68" |
| 100 1# - ENTRADA PRINCIPAL--NOMBRE DE PERSONA | |
| Nombre de persona | Onís Merklein, Mauricio Carlos de, |
| Fechas asociadas al nombre | 1790-1861 |
| 9 (RLIN) | 130660 |
| 245 10 - MENCIÓN DEL TÍTULO | |
| Título | Observaciones político-económicas sobre la Junta o Consejo de Sres. Ministros con algunas máximas políticas... / |
| Mención de responsabilidad, etc. | por M.C. de Onís. |
| 260 ## - PUBLICACIÓN, DISTRIBUCIÓN, ETC. | |
| Lugar de publicación, distribución, etc. | Madrid : |
| Nombre del editor, distribuidor, etc. | [s.n.], |
| Fecha de publicación, distribución, etc. | 1853 ( |
| Fabricante | Imp. de la viuda de D. Antonio Yenes) |
| 300 ## - DESCRIPCIÓN FÍSICA | |
| Extensión | [3] h., 134 p. ; |
| Dimensiones | 21 cm. |
| 651 #7 - PUNTO DE ACCESO ADICIONAL DE MATERIA--NOMBRE GEOGRÁFICO | |
| Nombre geográfico | España- |
| Subdivisión general | Política y gobierno- |
| Subdivisión cronológica | 1843-1868 |
| Fuente del encabezamiento o término | |
| 9 (RLIN) | 168642 |
| 852 4# - LOCALIZACIÓN | |
| Ubicación | ES-MaACL |
| Número de control de estantería | T-94-F-7 |
| Nota libre | - Enc. hol. deteriorada, falto de cub. original |
| -- | - Enc. en un vol. facticio |
| -- | - Ded. ms. del autor a Juan Manuel Barros |
| Estatus retirado | Estado de pérdida | Estado de daño | No para préstamo | Colección | Biblioteca de origen | Biblioteca actual | Ubicación en estantería | Fecha de adquisición | Total de préstamos | Signatura topográfica completa | Código de barras | Visto por última vez | Precio de reemplazo | Tipo de ítem Koha |
|---|---|---|---|---|---|---|---|---|---|---|---|---|---|---|
| Colección de folletos | Biblioteca del Ateneo de Madrid | Biblioteca del Ateneo de Madrid | Depósito folletos | 17/01/2008 | T-94-F-7 | 1168636 | 23/02/2023 | 23/02/2023 | Folleto |
